<?xml version="1.0" encoding="UTF-8"?>
<record
    xmlns:xsi="http://www.w3.org/2001/XMLSchema-instance"
    xsi:schemaLocation="http://www.loc.gov/MARC21/slim http://www.loc.gov/standards/marcxml/schema/MARC21slim.xsd"
    xmlns="http://www.loc.gov/MARC21/slim">

  <leader>00732nam a22002177a 4500</leader>
  <controlfield tag="005">20251001154543.0</controlfield>
  <datafield tag="010" ind1=" " ind2=" ">
    <subfield code="a">ENG-146935-936</subfield>
  </datafield>
  <datafield tag="020" ind1=" " ind2=" ">
    <subfield code="a">9789349015647(Set of 2 Vols)</subfield>
    <subfield code="c">8295.00</subfield>
  </datafield>
  <datafield tag="035" ind1=" " ind2=" ">
    <subfield code="a">EN-130467-468</subfield>
  </datafield>
  <datafield tag="037" ind1=" " ind2=" ">
    <subfield code="b">DBAD</subfield>
    <subfield code="a">DPL</subfield>
  </datafield>
  <datafield tag="082" ind1=" " ind2=" ">
    <subfield code="a">347.54052</subfield>
    <subfield code="2">17</subfield>
  </datafield>
  <datafield tag="100" ind1=" " ind2=" ">
    <subfield code="a">Mitra, U N </subfield>
    <subfield code="9">85349</subfield>
  </datafield>
  <datafield tag="245" ind1=" " ind2=" ">
    <subfield code="a">Law of Limitation and Prescription/</subfield>
    <subfield code="c">U N Mitra</subfield>
  </datafield>
  <datafield tag="250" ind1=" " ind2=" ">
    <subfield code="a">17</subfield>
  </datafield>
  <datafield tag="260" ind1=" " ind2=" ">
    <subfield code="a">Gurgaon</subfield>
    <subfield code="b">Lexis Nexis</subfield>
    <subfield code="c">2025</subfield>
  </datafield>
  <datafield tag="270" ind1=" " ind2=" ">
    <subfield code="a">14th floor building no 10, tower-B, DLF cyber city, phase-II</subfield>
    <subfield code="b">Gurgaon</subfield>
    <subfield code="e">122002</subfield>
  </datafield>
  <datafield tag="300" ind1=" " ind2=" ">
    <subfield code="a">dclxxx, 3338p.</subfield>
    <subfield code="c">25cm(hb)</subfield>
  </datafield>
  <datafield tag="490" ind1=" " ind2=" ">
    <subfield code="v">Vol 1, Vol 2</subfield>
  </datafield>
  <datafield tag="500" ind1=" " ind2=" ">
    <subfield code="a">Section 1-32 &amp; Articles 1-52 163 (Vol 1)
Articles 53 - 137 (Vol 2)
</subfield>
  </datafield>
  <datafield tag="942" ind1=" " ind2=" ">
    <subfield code="2">ddc</subfield>
    <subfield code="c">EN</subfield>
    <subfield code="h">347.54052</subfield>
    <subfield code="m">MIT</subfield>
    <subfield code="e">17</subfield>
  </datafield>
  <datafield tag="999" ind1=" " ind2=" ">
    <subfield code="c">213560</subfield>
    <subfield code="d">213560</subfield>
  </datafield>
  <datafield tag="952" ind1=" " ind2=" ">
    <subfield code="0">0</subfield>
    <subfield code="1">0</subfield>
    <subfield code="3">VOL-1</subfield>
    <subfield code="4">0</subfield>
    <subfield code="7">1</subfield>
    <subfield code="8">REF</subfield>
    <subfield code="a">L</subfield>
    <subfield code="b">L</subfield>
    <subfield code="d">2025-10-01</subfield>
    <subfield code="e">Delivery of Books Act Division</subfield>
    <subfield code="g">4147.50</subfield>
    <subfield code="l">0</subfield>
    <subfield code="o">347.54052 MIT</subfield>
    <subfield code="p">EN-130467</subfield>
    <subfield code="r">2025-10-01 00:00:00</subfield>
    <subfield code="t">1</subfield>
    <subfield code="v">4147.50</subfield>
    <subfield code="w">2025-10-01</subfield>
    <subfield code="y">EN</subfield>
  </datafield>
  <datafield tag="952" ind1=" " ind2=" ">
    <subfield code="0">0</subfield>
    <subfield code="1">0</subfield>
    <subfield code="3">VOL-2</subfield>
    <subfield code="4">0</subfield>
    <subfield code="7">1</subfield>
    <subfield code="8">REF</subfield>
    <subfield code="a">L</subfield>
    <subfield code="b">L</subfield>
    <subfield code="d">2025-10-01</subfield>
    <subfield code="e">Delivery of Books Act Division</subfield>
    <subfield code="g">4147.50</subfield>
    <subfield code="l">0</subfield>
    <subfield code="o">347.54052 MIT</subfield>
    <subfield code="p">EN-130468</subfield>
    <subfield code="r">2025-10-01 00:00:00</subfield>
    <subfield code="t">1</subfield>
    <subfield code="v">4147.50</subfield>
    <subfield code="w">2025-10-01</subfield>
    <subfield code="y">EN</subfield>
  </datafield>
</record>
